| 000 | 00763nam a22003014a 4500 | ||
|---|---|---|---|
| 001 | UByD002734 | ||
| 003 | AR-LpoUNG | ||
| 005 | 20240514115034.0 | ||
| 008 | 240514s2017||||ag ||||||||| 00||| spa d | ||
| 020 | _a9789874641175 | ||
| 040 |
_aAR-LpoUNG _bspa _cAR-LpoUNG _eaacr |
||
| 041 | 0 | _aspa | |
| 044 | _aag | ||
| 082 | 0 | _aA863 139ant | |
| 245 | 0 | 0 | _aAntología premio Mujica Láinez XI |
| 250 | _a1ra. ed. | ||
| 260 |
_aSan Isidro (Buenos Aires) : _bNotanpüan, _c2017. |
||
| 300 | _a166 p. | ||
| 650 | 4 | _aANTOLOGIAS | |
| 650 | 4 | _aARGENTINA | |
| 650 | 4 | _aCUENTOS | |
| 650 | 4 | _aLITERATURA | |
| 653 | 0 | _aLITERATURA ARGENTINA | |
| 700 | 1 |
_aMoreno, María _eintr. |
|
| 710 | 2 | _aSan Isidro. Municipalidad | |
| 905 | _a51437 | ||
| 942 |
_cLIB _2ddc |
||
| 999 |
_c65299 _d65299 |
||